000 00519nam a2200133Ia 4500
008 220615s9999||||xx |||||||||||||| ||und||
022 _a18645933
100 _aKeller, David Urs Josef
245 0 _aMultiscale Modeling of the Ventricles: From Cellular Electrophysiology to Body Surface Electrocardiograms
546 _aEnglish[eng]
650 _aForward Calculation||Electrophysiological Heterogeneities||Multiscale Modeling||Cardiac Electrophysiology
856 _uhttps://www.ksp.kit.edu/9783866447141
942 _cEB
999 _c14643
_d14643